00509nam a2200157 a 4500008004100000020002300041100002600064245010400090260004200194300002600236440002400262650003800286003000100324005001700325040000900342  a1857150864 (cased)1 aWollstonecraft, Mary.10aVindication of the Rights of Woman /cMary Wollstonecraft ; with an Introduction by Barbara Taylor. aLondon :bDavid Campbell Pub.,c1992. alix, 213 p. ;c22 cm. 0aEveryman's library. aEnglish literatured18th century.20230123134140.0 cNUST